Polskie drużyny żużlowe 2024 - Statystyki

Ogólne statystyki
  • Ten quiz został rozwiązany 87 razy
  • Średni wynik to 14 z 22
Statystyki odpowiedzi
Odpowiedź % Poprawnych
Motor Lublin
92%
Unia Leszno
88%
Sparta Wrocław
84%
Apator Toruń
80%
Włókniarz Częstochowa
80%
Falubaz Zielona Góra
78%
ROW Rybnik
72%
Unia Tarnów
72%
GKM Grudziądz
70%
Polonia Bydgoszcz
70%
Stal Rzeszów
67%
Stal Gorzów Wielkopolski
61%
Kolejarz Opole
59%
Wilki Krosno
59%
Wybrzeże Gdańsk
59%
Orzeł Łódź
56%
Polonia Piła
56%
PSŻ Poznań
55%
Start Gniezno
55%
Landshut Devils
47%
Lokomotiv Daugavpils
44%
Ostrovia Ostrów Wielkopolski
41%
Nie znaleziono quizów pasujących do podanych kryteriów
Rozkład punktacji
Procent ludzi z każdym wynikiem
Percentyl według liczby udzielonych odpowiedzi
Twoja historia wyników
Nie rozwiązałeś tego quizu